书目信息 |
| 题名: |
民呼、民吁、民立报选辑
|
|
| 作者: | 马鸿谟 编 | |
| 分册: | 一 1909.5-1910.12 | |
| 出版信息: | 郑州 河南人民出版社 1982 |
|
| 页数: | 656页 | |
| 开本: | 21cm | |
| 丛书名: | ||
| 单 册: | ||
| 中图分类: | K257.06 | |
| 科图分类: | ||
| 主题词: | 辛亥革命--史料 | |
| 电子资源: | ||
| ISBN: | ||
| 000 | 00672nam0 2200241 45 | |
| 001 | 0182000839 | |
| 005 | 20060817174757.75 | |
| 010 | @dCNY2.43 | |
| 091 | @aCN@b3105.422 | |
| 100 | @a19950628d1982 em y0chiy0121 ea | |
| 101 | 0 | @achi |
| 102 | @aCN@b410000 | |
| 105 | @ay z 000yy | |
| 200 | 10 | @a民呼、民吁、民立报选辑@Amin hu、 min xu、 min li bao xuan ji@h一@i1909.5-1910.12@f马鸿谟编 |
| 210 | @a郑州@c河南人民出版社@d1982 | |
| 215 | @a656页@d21cm | |
| 517 | 1 | @a1909.5-1910.12 |
| 606 | @a辛亥革命@x史料 | |
| 690 | @aK257.06@v3 | |
| 701 | 0 | @a马鸿谟@Ama hong mo@4编 |
| 801 | 0 | @aCN@bTSSF@c20060817 |
| 801 | 2 | @aCN@bNLC@c20060731 |
| 905 | @a10447@dK257.06@e38 | |
| 民呼、民吁、民立报选辑.一.1909.5-1910.12/马鸿谟编.-郑州:河南人民出版社,1982 |
| 656页;21cm |
| ISBN :CNY2.43 |
| ● |
| 相关链接 |
|
|
|
|
正题名:民呼、民吁、民立报选辑
索取号:K257.06/38
 
预约/预借
| 序号 | 登录号 | 条形码 | 馆藏地/架位号 | 状态 | 备注 |
| 1 | 0443871 | 204438714 | 密集书库/ [索取号:K257.06/38] | 在馆 | |
| 2 | 0443872 | 204438723 | 密集书库/ [索取号:K257.06/38] | 在馆 | |
| 3 | 0465531 | 204655319 | 密集书库/ [索取号:K257.06/38] | 在馆 |